Complete at Guide to IT Hardware and software (Record no. 3442)

MARC details
000 -LEADER
fixed length control field 00543nam a22001577a 4500
008 - FIXED-LENGTH DATA ELEMENTS--GENERAL INFORMATION
fixed length control field 250513b |||||||| |||| 00| 0 eng d
020 ## - INTERNATIONAL STANDARD BOOK NUMBER
ISBN 9780137670444
100 ## - MAIN ENTRY--AUTHOR
Author SCHMIDT, Cheryl. A
245 ## - TITLE STATEMENT
Title Complete at Guide to IT Hardware and software
Remainder of title A CompTIA A+ Core 1 (220-1101) and CompTIA A+ Core 2 (220-11-1)
250 ## - EDITION STATEMENT
Edition statement 9th Edition
260 ## - PUBLICATION, DISTRIBUTION, ETC. (IMPRINT)
Place of publication Jacksonville
Name of publisher Pearson
Date of publication 2023
300 ## - COLLATION
Pagination xxviii, 1075p.
Other physical details ill.
650 ## - TRACINGS
Main Subject Computing Technology Industry Association - Examinations - Study Guide
942 ## - ADDED ENTRY ELEMENTS (KOHA)
Item type Books
050 ## - LIBRARY OF CONGRESS CALL NUMBER
Classification number QA76.3
Item number .S34
Holdings
Source of classification or shelving scheme Not for loan Permanent location Current location Date acquired Accession No. Full call number Barcode. Koha item type
Library of Congress Classification   Samuel Ogbemudia Main Library, University of Abuja Samuel Ogbemudia Main Library, University of Abuja 05/13/2025 2024/63626 QA76.3.S34 2025-1908 Books